América Central en los noventa: problemas de juventud. I. América Central: políticas, problemas e instituciones juveniles /

Gardado en:
Detalles Bibliográficos
Autor Principal: Ramos, Carlos Guillermo
Outros autores: , comp
Formato: Desconocido
Publicado: San Salvador: FLACSO. Programa El Salvador
Etiquetas: Engadir etiqueta
Sen Etiquetas, Sexa o primeiro en etiquetar este rexistro!

MARC

LEADER 00000 a2200000 04500
001 11960
003
008 991231s d
040
090 |a 141303  
100 |a Ramos, Carlos Guillermo  
245 |a América Central en los noventa: problemas de juventud. I. América Central: políticas, problemas e instituciones juveniles /  |c Carlos Guillermo Ramos 
260 |a San Salvador:   |b FLACSO. Programa El Salvador  
300 |a 231 p.  
700 |a , comp  
999 |c 12883  |d 12883